00326nam a2200109Ia 4500008004100000041000800041100001900049245006800068260005100136300000900187700002000196250110s9999 xx 000 0 und d aeng aTambe Nirupa S aLandscape Development Proposal For Wetland Sewri Wetland Mumbai bM Arch Landscape Architecture BNCA, Punec2015 a155p aGuide Name:BNCA